Man,science and environment (Record no. 82360)
[ view plain ]
| 000 -LEADER | |
|---|---|
| fixed length control field | 00904nam a2200193 a 4500 |
| 008 - FIXED-LENGTH DATA ELEMENTS--GENERAL INFORMATION | |
| fixed length control field | 120416s1993 ||||||||||||||||| || u |
| 020 ## - INTERNATIONAL STANDARD BOOK NUMBER | |
| International Standard Book Number | 8170245524 |
| 050 ## - LIBRARY OF CONGRESS CALL NUMBER | |
| Classification number | GF 75 Pra |
| 100 ## - MAIN ENTRY--PERSONAL NAME | |
| Personal name | Prakash, Ram |
| 245 10 - TITLE STATEMENT | |
| Title | Man,science and environment |
| 260 ## - PUBLICATION, DISTRIBUTION, ETC. | |
| Place of publication, distribution, etc. | New Delhi |
| Name of publisher, distributor, etc. | Ashish publishing house |
| Date of publication, distribution, etc. | 1993 |
| 300 ## - PHYSICAL DESCRIPTION | |
| Extent | viii, 334p. |
| 350 ## - | |
| -- | 0.00 |
| 650 ## - SUBJECT ADDED ENTRY--TOPICAL TERM | |
| Topical term or geographic name entry element | HUMAN BEINGS--EFFECTS OF ENVIRONMENT ON |
| 650 ## - SUBJECT ADDED ENTRY--TOPICAL TERM | |
| Topical term or geographic name entry element | ENVIRONMENT |
| 995 ## - | |
| -- | MAIN LIBRARY OPEN ACCESS |
| -- | 0.00 |
| -- | 733135 |
| -- | CBU-MAIN LIBRARY (Kitwe) |
| -- | 1 |
| -- | 20.00 |
| -- | GF 75 Pra |
| -- | 1 |
| -- | AVAILABLE |
| -- | 44725 |
| -- | Main Library Open Access Collection |
| 995 ## - | |
| -- | MAIN LIBRARY OPEN ACCESS |
| -- | 0.00 |
| -- | 733136 |
| -- | CBU-MAIN LIBRARY (Kitwe) |
| -- | 3 |
| -- | 20.00 |
| -- | GF 75 Pra |
| -- | 3 |
| -- | AVAILABLE |
| -- | 44723 |
| -- | Main Library Open Access Collection |
| 995 ## - | |
| -- | MAIN LIBRARY OPEN ACCESS |
| -- | 0.00 |
| -- | 733137 |
| -- | CBU-MAIN LIBRARY (Kitwe) |
| -- | 2 |
| -- | 20.00 |
| -- | GF 75 Pra |
| -- | 2 |
| -- | AVAILABLE |
| -- | 44726 |
| -- | Main Library Open Access Collection |
| 999 ## - | |
| -- | 82360 |
| -- | 82360 |
| Withdrawn status | Lost status | Source of classification or shelving scheme | Damaged status | Not for loan | Permanent Location | Current Location | Shelving location | Date acquired | Total Checkouts | Full call number | Barcode | Date last seen | Copy number | Price effective from | Koha item type |
|---|---|---|---|---|---|---|---|---|---|---|---|---|---|---|---|
| CBU-MAIN LIBRARY, KITWE. | CBU-MAIN LIBRARY, KITWE. | 09/27/2023 | GF 75 Pra | 44725 | 09/27/2023 | 1 | 09/27/2023 | MONOGRAPH | |||||||
| CBU-MAIN LIBRARY, KITWE. | CBU-MAIN LIBRARY, KITWE. | 09/27/2023 | GF 75 Pra | 44723 | 09/27/2023 | 2 | 09/27/2023 | MONOGRAPH | |||||||
| CBU-MAIN LIBRARY, KITWE. | CBU-MAIN LIBRARY, KITWE. | 09/27/2023 | GF 75 Pra | 44726 | 09/27/2023 | 3 | 09/27/2023 | MONOGRAPH |